000 00318nam a22001337a 4500
008 170830b xxu||||| |||| 00| 0 eng d
020 _a9780201104332
041 _aeng
080 _a070
100 _a40
101 _aMED
245 _aTHE ASSOCIATED PRESS STYLEBOOK AND LIBEL MANUAL
_cFRENCH,CH.W
942 _2udc
_cBK
999 _c25588
_d25588